| 000 | 00685nam a22002537a 4500 | ||
|---|---|---|---|
| 005 | 20160427184549.0 | ||
| 008 | 160304b xxu||||| |||| 00| 0 spa d | ||
| 020 | _a9786071708793 | ||
| 041 | _aspa | ||
| 082 |
_a174 _bL864e |
||
| 100 |
_aLópez Calva, Martín _96435 |
||
| 100 |
_aBarquín Gracía-Villoslada, Lorena _96436 |
||
| 245 | _aÉtica y valores II: enfoque de competencias | ||
| 250 | _a2 edición | ||
| 260 |
_aMéxico _bTrillas _c2011 |
||
| 300 | _a133 páginas | ||
| 650 |
_aÉTICA _9489 |
||
| 650 |
_aVALORES _932 |
||
| 650 |
_aENSEÑANZA _9236 |
||
| 650 |
_aCOMPETENCIAS _9525 |
||
| 650 |
_aCIENCIAS Y TECNOLOGÍA _96437 |
||
| 650 |
_aMORAL _92444 |
||
| 942 | _cBK | ||
| 999 |
_c7785 _d7785 |
||